Statistics / (Record no. 282715)
[ view plain ]
| 000 -LEADER | |
|---|---|
| fixed length control field | 00644nam a22002177a 4500 |
| 003 - CONTROL NUMBER IDENTIFIER | |
| control field | PILC |
| 005 - DATE AND TIME OF LATEST TRANSACTION | |
| control field | 20150907152122.0 |
| 008 - FIXED-LENGTH DATA ELEMENTS--GENERAL INFORMATION | |
| fixed length control field | 150218b xxu||||| |||| 00| 0 eng d |
| 020 ## - INTERNATIONAL STANDARD BOOK NUMBER | |
| International Standard Book Number | 9789814510530 |
| 020 ## - INTERNATIONAL STANDARD BOOK NUMBER | |
| International Standard Book Number | 981451053X |
| 050 ## - LIBRARY OF CONGRESS CALL NUMBER | |
| Classification number | HF 1017 |
| Item number | .J66 2014 |
| 100 ## - MAIN ENTRY--PERSONAL NAME | |
| Personal name | Johnson, Robert R. |
| 245 ## - TITLE STATEMENT | |
| Title | Statistics / |
| Statement of responsibility, etc | Robert R. Johnson and Patricia J. Kuby. |
| 250 ## - EDITION STATEMENT | |
| Edition statement | 2nd edition. |
| 260 ## - PUBLICATION, DISTRIBUTION, ETC. (IMPRINT) | |
| Place of publication, distribution, etc | Philippines, Pasig City : |
| Name of publisher, distributor, etc | Cengage Learning Asia, |
| Date of publication, distribution, etc | 2014. |
| 300 ## - PHYSICAL DESCRIPTION | |
| Extent | 356 pages : |
| Other physical details | illustrations ; |
| Dimensions | 24 cm. |
| 521 ## - TARGET AUDIENCE NOTE | |
| Target audience note | Business Administration |
| 650 ## - SUBJECT ADDED ENTRY--TOPICAL TERM | |
| Topical term or geographic name as entry element | Statistics. |
| 650 ## - SUBJECT ADDED ENTRY--TOPICAL TERM | |
| Topical term or geographic name as entry element | Commercial statistics. |
| 942 ## - ADDED ENTRY ELEMENTS (KOHA) | |
| Source of classification or shelving scheme | Library of Congress Classification |
| Koha item type | Books |
| Call number prefix | Local |
| Withdrawn status | Lost status | Source of classification or shelving scheme | Damaged status | Home library | Current library | Shelving location | Date acquired | Source of acquisition | Sub Shelving location | Total Checkouts | Total Renewals | Full call number | Barcode | Date last seen | Date checked out | Price effective from | Koha item type |
|---|---|---|---|---|---|---|---|---|---|---|---|---|---|---|---|---|---|
| Library of Congress Classification | College Library | College Library | Reserve Section | 02/18/2015 | Library Fund | 5 | 7 | HF 1017 .J66 2014 | C19171 | 09/22/2023 | 06/08/2023 | 02/18/2015 | Books | ||||
| Library of Congress Classification | College Library | College Library | Reserve Section | 09/07/2015 | Donation | HF 1017 .J66 2014 | C19959 | 02/10/2016 | 09/07/2015 | Books |